| 000 | 00440nam a2200181 a 4500 | ||
|---|---|---|---|
| 005 | 20260322212037.0 | ||
| 008 | data | ||
| 020 | _a9780689829840 | ||
| 099 | _aCOOPES | ||
| 100 | 1 |
_aCooper, Susan, _d1935- |
|
| 245 | 1 | 4 |
_aThe grey king/ _cSusan Cooper. |
| 260 |
_aNew York : _bAladdin Paperbacks, _c1999. |
||
| 300 |
_a165 p. ; _b18 cm. |
||
| 490 | 1 | _aThe Dark is rising sequence. | |
| 650 | 0 | _aScience fiction | |
| 650 | 0 | _aFantasy | |
| 001 | data | ||
| 999 |
_c874 _d874 |
||